01429nam a2200301 a 450000100100000000500170001000800410002702000150006804000250008308200260010824500360013424600410017025000120021126000340022330000210025749000530027850400690033159000260040065100700042665100450049671000800054183000590062191000370068095201390071795201240085695201300098099900170111000002847120230511100334.0100913t2010 dr 000 0 spa d z999347956X aDO-SdBNPbspacBNPHU a972.9304bP963r, 201000aProclamas de la restauración.00aProclamas de la restauración 1863. a2a. ed. aSanto Domingo :bCPEP,c2010. a215 p. ;c22 cm.1 aComisión Permanente de Efemérides Patriasv2 aIncluye referencias bibliográficas y notas al pie de páginas aInventariado, 2020/YL 4aRepública DominicanaxHistoriaxRestauración 1863-1865943986 4aRepública DominicanaxProclamas9452371 aRepública DominicanabComisión Permanente de Efemérides Patria945309 1aComisión Permanente de Efemérides Patriasv291012 aValidado. Control de calidad EMS 001154708DSaGRbGRcMId2011-04-08iLF1l0o972.9304 P963r, 2010p28471-30r2020-06-25te. 3w2020-06-25yLFDSZPréstamo en sala 0010718PDaPDbPDcHDd2011-04-08iLF1l0o972.9304 P963r, 2010p28471-10r2020-06-25w2020-06-25yLFPDZNo se presta 0010718PDaPDbPDcHDd2011-04-08iLF1l0o972.9304 P963r, 2010p28471-20r2020-06-25te. 2w2020-06-25yLFPDZNo se presta c27963d27963